| 000 | 00459nam a2200133Ia 4500 | ||
|---|---|---|---|
| 008 | 160809s9999 xx 000 0 und d | ||
| 100 | _aAli, Taher. | ||
| 245 | _aJPL : Implementation of a Prolog System Supporting Incremental Tabulation | ||
| 245 | _cTaher Ali, Ziad Najem, and Mohd Sapiyan. | ||
| 260 | _bComputer Science and Information Technology | ||
| 260 | _cJanuary 2016 | ||
| 650 | _xINFORMATION TECHNOLOGY | ||
| 856 | _uhttp://airccse.org/V6N48.html | ||
| 999 |
_c300036 _d300036 |
||